| 000 | 00628nam a2200205 u 4500 | ||
|---|---|---|---|
| 005 | 20210223130244.0 | ||
| 008 | 070903s1982 r 000 0 eng d | ||
| 020 | _a8432036358 | ||
| 035 | _aUPN01000151627 | ||
| 049 | _aCG | ||
| 050 | 4 |
_aHX40 _bE4.3 |
|
| 100 | 1 | _aElleinstein, Jean | |
| 245 | 1 | 0 |
_aHistoria del comunismo : _b1917-1945 / _cJean Elleinstein ; tr. Ester Berenguer. |
| 260 |
_aBarcelona, Esp. : _bPlaneta, _c1982. |
||
| 300 |
_a156 p. : _bil. |
||
| 440 | 0 | _aDocumento | |
| 534 |
_pTÃtulo original: _tHistoire du communisme : 1919-1945 |
||
| 650 | 4 |
_aCOMUNISMO - _xHISTORIA - _ySIGLO XX _910271 |
|
| 905 | _aLibro | ||
| 999 |
_c123763 _d123763 |
||